[Event "It (open)"]
[Site "Groningen (Netherlands)"]
[Round "3"]
[White "Zamansky Leonid (RUS)"]
[Black "Jonker Marc (NED)"]
[Result "1-0"]
[WhiteElo "2320"]
[BlackElo "2298"]

1.d4 d6 2.Nf3 Bg4 3.c4 Nf6 4.Qb3 Qc8 5.g3 g6 6.Bg2 c6 7.Nc3 Bg7 8.h3 Bxf3
9.Bxf3 O-O 10.e4 e5 11.d5 Na6 12.Qd1 cxd5 13.cxd5 Nc5 14.h4 b5 15.Qe2 b4
16.Nd1 Qd7 17.h5 Qa4 18.Qc4 Rfc8 19.hxg6 fxg6 20.Bd2 Rab8 21.Rc1 Rc7 22.Ne3
Rbc8 23.Ra1 a5 24.Ng4 Ncxe4 25.Nxf6+ Nxf6 26.Qh4 Qd7 27.g4 e4 28.Be2 Bh8 29.g5
Nxd5 30.Bg4 Qe7 31.Bxc8 Rxc8 32.Qh3 Re8 33.Qb3 Qe6 34.Rd1 Bd4 35.Bc1 e3 36.f3
Nf4 37.Rxd4 Ng2+ 38.Ke2 {#r} 1-0

[Event "It (open)"]
[Site "Helsinki (Finland)"]
[Round "1"]
[White "Kekki Jorma (FIN)"]
[Black "Karner Hillar (EST)"]
[Result "0-1"]
[WhiteElo "2100"]
[BlackElo "2251"]

1.d4 Nf6 2.Nf3 d6 3.c4 Bg4 4.Nc3 e6 5.e4 Be7 6.Be2 O-O 7.O-O c6 8.Be3 d5 9.e5
Nfd7 10.Qb3 Qb6 11.Qxb6 axb6 12.cxd5 exd5 13.h3 Bh5 14.g4 Bg6 15.Nd2 b5 16.f4
f5 17.exf6 gxf6 18.f5 Bf7 19.Bf3 Na6 20.h4 Rfe8 21.Kh1 Ba3 22.Nd1 Bxb2 23.Rb1
Bc3 24.Rf2 b4 25.g5 fxg5 26.hxg5 Nc7 27.g6 hxg6 28.fxg6 Bxg6 29.Rg2 Kf7
30.Nxc3 bxc3 31.Rxb7 Rxe3 32.Rxc7 Rh8+ 33.Kg1 cxd2 34.Rxd7+ Ke8 35.Rg7 Rxf3
36.Rxd2 Be4 {#R} 0-1

[Event "Ch Israel"]
[Site "Israel"]
[Round "0"]
[White "Greenfeld Alon (ISR)"]
[Black "Shrentzel Mordechai (ISR)"]
[Result "1-0"]
[WhiteElo "2573"]
[BlackElo "2250"]

1.Nf3 Nf6 2.c4 d6 3.d4 Bg4 4.Qb3 Qc8 5.h3 Bxf3 6.Qxf3 g6 7.g4 Bg7 8.Bg2 c6
9.Nc3 Nfd7 10.Qd3 c5 11.d5 Ne5 12.Qc2 O-O 13.Qb3 Na6 14.f4 Nd7 15.Bf3 Rb8
16.Nb5 Ra8 17.Bd2 Nc7 18.a4 a6 19.Nxc7 Qxc7 20.Kf2 Rab8 21.e3 Rfc8 22.Be2 b5
23.Bc3 bxc4 24.Qxc4 Nb6 25.Qe4 Qb7 26.Bf3 c4 27.Rhb1 Qd7 28.Qc2 Rc5 29.Rd1
Bxc3 30.bxc3 Re8 31.Rd4 Ra5 32.h4 Rxa4 33.Rb1 Nc8 34.h5 Na7 35.Kg3 Ra3 {#r}
1-0

[Event "Izt (w)"]
[Site "Kuala Lumpur (Malaysia)"]
[Round "0"]
[White "Maric Alisa (SRB)"]
[Black "Forbes Cathy (ENG)"]
[Result "1-0"]
[WhiteElo "2365"]
[BlackElo "2106"]

1.Nf3 d6 2.d4 Bg4 3.c4 Nf6 4.Qb3 Nc6 5.Nbd2 Qd7 6.d5 Nd8 7.h3 Bh5 8.g4 Bg6
9.Bg2 h6 10.O-O c5 11.Nh4 Bh7 12.e4 g5 13.Nf5 h5 14.f3 Bxf5 15.exf5 Bg7 16.Re1
b6 17.Nf1 Nh7 18.Ng3 hxg4 19.fxg4 Be5 20.Ne4 f6 21.a4 Nb7 22.Bd2 Kf7 23.Bc3
Na5 24.Qa2 Rag8 25.Re2 Qd8 26.Rae1 Nf8 27.Bxe5 fxe5 28.f6 exf6 29.Rf1 Rh6
30.Ref2 Nh7 31.Ng3 Nf8 32.Nh5 Nd7 33.Be4 Rgh8 34.Bf5 Rxh5 35.gxh5 Rxh5 36.Bxd7
Qxd7 37.Rxf6+ Kg7 38.Qb1 Rxh3 39.Qg6+ {#r} 1-0

[Event "?"]
[Site "Lombardia (Italy)"]
[Round "0"]
[White "Caracci Giuseppe (ITA)"]
[Black "Bozzi Gianni (ITA)"]
[Result "1-0"]
[WhiteElo "2077"]
[BlackElo "2190"]

1.d4 Nf6 2.Nf3 d6 3.c4 Bg4 4.Nc3 Bxf3 5.exf3 g6 6.f4 Bg7 7.Bd3 Nbd7 8.O-O O-O
9.Re1 e6 10.Qf3 c6 11.d5 Nc5 12.Bc2 Qb6 13.Rb1 Qb4 14.Be3 Qxc4 15.Bxc5 Qxc5
16.dxe6 d5 17.Bb3 Qd6 18.exf7+ Rxf7 19.Rbd1 Kh8 20.g3 Re8 21.Rxe8+ Nxe8 22.Qe3
Re7 23.Qxa7 d4 24.Qa8 Qb4 25.Na4 c5 26.Qd8 Re1+ 27.Kg2 Bf6 28.Qd5 Kg7 29.Nxc5
Nc7 30.Qf7+ Kh6 31.Rxe1 Qxe1 32.Qxc7 {#r} 1-0

[Event "It (open)"]
[Site "Muenster (Germany)"]
[Round "2"]
[White "Kruse Herbert (GER)"]
[Black "Kalinitschew Sergey (GER)"]
[Result "1/2-1/2"]
[WhiteElo "2235"]
[BlackElo "2465"]

1.Nf3 Nf6 2.c4 d6 3.d4 Bg4 4.Qb3 Qc8 5.Bg5 Nbd7 6.h3 Bh5 7.g4 Bg6 8.Bg2 h5
9.Nbd2 c6 10.Nh4 Bh7 11.Bxf6 gxf6 12.f4 e5 13.e3 f5 14.Nxf5 Bxf5 15.gxf5 exf4
16.exf4 Qc7 17.Qe3+ {#d} 1/2-1/2

[Event "Tournament (team)"]
[Site "Pula (Croatia)"]
[Round "1"]
[White "Laketic Gojko (SRB)"]
[Black "Polajzer Danilo (SLO)"]
[Result "1/2-1/2"]
[WhiteElo "2443"]
[BlackElo "2293"]

1.Nf3 Nf6 2.c4 d6 3.d4 Bg4 4.Qb3 Qc8 5.g3 Nbd7 6.Bg2 c6 7.O-O e5 8.Qe3 Bxf3
9.exf3 Be7 10.b3 O-O 11.Bb2 Re8 12.Nd2 Qc7 13.Ne4 Nxe4 14.fxe4 exd4 15.Bxd4
Bf6 16.Rad1 Rad8 17.Rd2 h6 18.Rfd1 Bg5 19.f4 Bf6 20.h3 a5 21.Kh2 Bxd4 22.Rxd4
Nf6 23.c5 {#d} 1/2-1/2

[Event "It (open)"]
[Site "Toulouse (France)"]
[Round "8"]
[White "Arkell Keith C (ENG)"]
[Black "Mollov Ergin (BUL)"]
[Result "1/2-1/2"]
[WhiteElo "2425"]
[BlackElo "2394"]

1.d4 Nf6 2.Nf3 d6 3.c4 Bg4 4.Qb3 Qc8 5.h3 Bxf3 6.Qxf3 g6 7.Bg5 Bg7 8.e3 O-O
9.Nc3 c5 10.dxc5 Qxc5 11.Qxb7 Nbd7 12.Bxf6 Nxf6 13.Qb5 Qc7 14.Qa4 Rab8 15.Rb1
Nd7 16.Nd5 Qd8 17.Qa3 e6 18.Nc3 Nc5 19.Be2 Bxc3+ 20.Qxc3 Ne4 21.Qa3 Qh4 22.Rf1
Rfc8 23.Qd3 d5 24.cxd5 exd5 25.Bg4 Rc5 26.b4 Rcb5 27.a3 Qe7 28.Ke2 a5 29.Rfc1
axb4 30.axb4 Rxb4 31.Rxb4 Rxb4 32.Rc2 Kg7 33.Bf3 Qe5 34.Bxe4 dxe4 35.Qc3 Qxc3
36.Rxc3 Rb2+ 37.Kf1 Rb1+ 38.Ke2 f5 39.Rc7+ Kh6 40.h4 Rb2+ {#d} 1/2-1/2

[Event "It (open)"]
[Site "Turku (Finland)"]
[Round "0"]
[White "Luik Helmuth (EST)"]
[Black "Hermlin Aarne (EST)"]
[Result "1/2-1/2"]
[WhiteElo "2209"]
[BlackElo "2233"]

1.d4 Nf6 2.Nf3 d6 3.c4 Bg4 4.Nc3 c6 5.e4 e6 6.Be2 Be7 7.O-O O-O 8.Be3 d5 9.Nd2
Bxe2 10.Qxe2 Nxe4 11.Ndxe4 dxe4 12.Nxe4 Nd7 {#d} 1/2-1/2

[Event "It (open)"]
[Site "USA"]
[Round "0"]
[White "Ivanov Igor V (CAN)"]
[Black "Fields Paul H (USA)"]
[Result "1-0"]
[WhiteElo "2424"]
[BlackElo "2230"]

1.d4 d6 2.Nf3 Bg4 3.c4 Nf6 4.Qb3 Qc8 5.h3 Bh5 6.g3 Nbd7 7.Bg2 c6 8.Nc3 e5
9.O-O Be7 10.Be3 O-O 11.Rac1 Re8 12.Rfd1 Bf8 13.Nh4 Bg6 14.a3 Be7 15.Qa2 a5
16.d5 c5 17.b3 Nf8 18.Qb2 N6d7 19.Nb5 Qb8 20.Nxg6 hxg6 21.b4 b6 22.bxc5 bxc5
23.Rb1 Qd8 24.Qc2 f5 25.h4 Nh7 26.h5 gxh5 27.Qxf5 Nhf8 28.Qxh5 Nf6 29.Qf5 Ra6
30.Bh3 g6 31.Qc2 Kg7 32.Rb2 N8d7 33.Rdb1 Rh8 34.Kg2 e4 35.Rh1 Ne5 36.Bf4 Neg4
37.Nc3 Qd7 38.Nxe4 Nxe4 39.Qxe4 Rxh3 40.Rxh3 Nxf2 41.Kxf2 {#r} 1-0

[Event "It"]
[Site "Aarhus (Denmark)"]
[Round "7"]
[White "Andersen Jackie (DEN)"]
[Black "Schandorff Lars (DEN)"]
[Result "1/2-1/2"]
[WhiteElo "2323"]
[BlackElo "2425"]

1.d4 Nf6 2.Nf3 d6 3.c4 Bg4 4.Nc3 Bxf3 5.gxf3 Nbd7 6.Bg5 e6 7.f4 Be7 8.Bg2 c6
9.d5 exd5 10.cxd5 c5 11.e4 h6 12.Bh4 g5 13.Bg3 gxf4 14.Bxf4 a6 15.a4 Ne5
16.Bxe5 dxe5 17.Qf3 Bd6 18.Ne2 Rg8 19.Bh3 Nh7 20.Bf5 Nf8 21.h4 Be7 22.Rd1 Qb6
23.Qc3 Bd6 24.Kf1 Qc7 25.Rc1 b5 26.Qd2 bxa4 27.Qxh6 Rb8 28.Rc2 Rb3 29.Rg1
Rxg1+ 30.Kxg1 Qe7 31.Kg2 Rb6 32.Qh8 Bc7 33.Ng3 Bd8 34.Nh5 Qd6 35.Bg4 Be7
36.Ng7+ Kd8 37.Nf5 Qg6 38.f3 Qf6 39.Qg8 Kc7 40.d6+ Bxd6 41.Nxd6 Qxd6 42.Qxf7+
Kb8 43.Qe8+ Ka7 44.h5 Rc6 45.Qf7+ Kb6 46.Qa2 {#d} 1/2-1/2

[Event "Spartakiada URS"]
[Site "Azov (Russia)"]
[Round "0"]
[White "Nikitin Andrey (RUS)"]
[Black "Karasev Vladimir I (RUS)"]
[Result "1/2-1/2"]
[WhiteElo "2462"]
[BlackElo "2372"]

1.d4 Nf6 2.c4 d6 3.Nf3 Bg4 4.g3 Bxf3 5.exf3 c6 6.d5 g6 7.Nc3 Bg7 8.Bg2 O-O
9.O-O Nbd7 10.f4 Rc8 11.Re1 Nb6 12.Qe2 Re8 13.Be3 cxd5 14.cxd5 Nc4 15.Bd4 Qa5
16.a3 Nh5 17.Bxg7 Nxg7 18.Rec1 Qb6 19.Bh3 f5 20.Bf1 Na5 21.Rab1 Nb3 22.Rd1 a6
23.Bg2 Rc7 24.Qd3 Qc5 25.Re1 Qd4 26.Qc2 Nc5 27.Rbd1 Qf6 28.Re3 b5 29.Qe2 Rb8
30.Na2 Na4 {#d} 1/2-1/2

[Event "It (open)"]
[Site "Bad Ragaz (Switzerland)"]
[Round "0"]
[White "Hug Marcel (SUI)"]
[Black "Staller Peter (GER)"]
[Result "1-0"]
[WhiteElo "2338"]
[BlackElo "2244"]

1.d4 Nf6 2.Nf3 d6 3.c4 Bg4 4.Nc3 g6 5.e4 Nc6 6.Be3 Bg7 7.Be2 O-O 8.d5 Bxf3
9.Bxf3 Na5 10.Be2 Nd7 11.Rc1 c5 12.Qd2 Re8 13.b3 a6 14.O-O e5 15.dxe6 Rxe6
16.Bg4 Re8 17.Bxd7 Qxd7 18.Bxc5 Nc6 19.Rfe1 Qg4 20.f3 Qh5 21.Be3 Be5 22.h3 Qh4
23.Nd5 Rac8 24.Bg5 Qg3 25.Bf4 Bxf4 26.Qxf4 Qxf4 27.Nxf4 Ne5 28.Rcd1 Rc6 29.Rd4
f5 30.Red1 fxe4 31.Rxe4 Kf7 32.Red4 Rd8 33.Nd5 Re8 34.f4 Nd7 35.Nb4 Rcc8
36.Rxd6 Nc5 37.R6d2 Re4 38.Nd5 b5 39.cxb5 axb5 40.Rc2 {#r} 1-0

[Event "It (open)"]
[Site "Cordoba (Spain)"]
[Round "0"]
[White "Salgado Allaria Carlos (ESP)"]
[Black "Urday Henry (PER)"]
[Result "0-1"]
[WhiteElo "2330"]
[BlackElo "2482"]

1.d4 Nf6 2.c4 d6 3.Nf3 Bg4 4.Qb3 Qc8 5.h3 Bh5 6.Bf4 Nbd7 7.Nbd2 c5 8.e3 e6
9.Bd3 Be7 10.O-O O-O 11.Qc2 Qc6 12.Rac1 Rfc8 13.Ng5 Bg6 14.Bxg6 hxg6 15.Ndf3
cxd4 16.Nxf7 Nf8 17.N3g5 e5 18.Bg3 dxe3 19.fxe3 b5 20.b3 bxc4 21.bxc4 Rab8
22.Be1 Rb7 23.Qe2 Qa6 24.Rc2 Rbc7 25.Bd2 Nh5 26.Qd3 Qc6 27.c5 Nf6 28.e4 Qa4
29.Rb2 Rxc5 30.Rb7 R5c7 31.Rfb1 N6d7 32.R7b4 Qxa2 33.R1b2 Nc5 34.Qc2 Qa6
35.Rb5 Qa4 36.Qb1 Nxe4 37.R2b4 Nxd2 38.Qxg6 Nf3+ 39.gxf3 Qd1+ 40.Kg2 Rc2+ {#R}
0-1

[Event "Ch Czechoslovakia (team) 1990/91"]
[Site "Czechoslovakia"]
[Round "8"]
[White "Modr Bretislav (CZE)"]
[Black "Vavruska David (CZE)"]
[Result "1/2-1/2"]
[WhiteElo "2331"]
[BlackElo "2292"]

1.d4 d6 2.Nf3 Bg4 3.c4 Nf6 4.Nc3 e6 5.g3 c6 6.Bg2 Nbd7 7.O-O Be7 8.e4 O-O
9.Qc2 a6 10.a4 a5 11.Be3 Qc7 12.Rfe1 e5 13.Rac1 Rfe8 14.b3 Nf8 15.d5 N6d7
16.h3 Bxf3 17.Bxf3 h6 18.h4 Nc5 19.Bxc5 dxc5 20.Rcd1 Red8 21.Rd3 Rd6 22.Red1
Rad8 23.R1d2 g6 24.h5 Nh7 25.hxg6 fxg6 26.Bg4 Kg7 27.Qd1 h5 28.Bh3 Ng5 29.Bg2
Nf7 30.f4 h4 31.f5 Bg5 32.Re2 Rh8 33.fxg6 Rxg6 34.dxc6 h3 35.Rd7 Qxc6 36.Bxh3
Rxh3 37.Rxf7+ Kg8 38.Ref2 Rxg3+ 39.Kf1 Bf4 40.R2xf4 exf4 41.Qd8+ Kxf7 42.Nd5
f3 43.Qe7+ Kg8 44.Qd8+ Kf7 45.Qe7+ Kg8 {#d} 1/2-1/2

[Event "It (open)"]
[Site "Espoo (Finland)"]
[Round "0"]
[White "Przewoznik Jan (POL)"]
[Black "Karner Hillar (EST)"]
[Result "1-0"]
[WhiteElo "2381"]
[BlackElo "2251"]

1.Nf3 Nf6 2.c4 d6 3.d4 Bg4 4.Nc3 e6 5.e4 c6 6.h3 Bh5 7.d5 Nbd7 8.dxe6 fxe6
9.Be2 Nc5 10.e5 Bxf3 11.exf6 Bxe2 12.fxg7 Bxg7 13.Qxe2 Bxc3+ 14.bxc3 Qf6
15.O-O Rg8 16.Ba3 Qf5 17.Qe3 O-O-O 18.Bxc5 dxc5 19.Rad1 Rdf8 20.Rd6 Rg6 21.f4
Rfg8 22.Rf2 h5 23.Re2 Qb1+ 24.Kh2 Qf1 25.Qe4 Kc7 26.Rdd2 Rg3 27.Qe5+ Kb6
28.Rb2+ Ka6 29.Qxc5 Rxh3+ 30.gxh3 Qxf4+ 31.Kh1 Qf3+ 32.Rg2 Rxg2 33.Rxg2 Qxc3
34.Kh2 e5 35.a3 h4 36.Qb4 Qd4 37.c5 Qxb4 38.axb4 Kb5 39.Rg4 a5 40.bxa5 Kxa5
41.Rc4 b5 42.cxb6 Kxb6 43.Rxh4 {#r} 1-0

[Event "Bundesliga 1990/91 (2nd)"]
[Site "Germany"]
[Round "0"]
[White "Szypulski Andrzej (POL)"]
[Black "Backwinkel Paul (GER)"]
[Result "1-0"]
[WhiteElo "2405"]
[BlackElo "2355"]

1.Nf3 Nf6 2.d4 d6 3.c4 Bg4 4.Nc3 Bxf3 5.exf3 g6 6.Be3 Bg7 7.Qb3 b6 8.g3 O-O
9.Bg2 c6 10.O-O Nbd7 11.Rfd1 Qc7 12.a4 a5 13.d5 c5 14.Rd2 Nb8 15.Bh3 Na6
16.Re1 Nb4 17.Nb5 Qd8 18.Rde2 Kh8 19.Bd2 Ng8 20.Bc3 h6 21.f4 Bxc3 22.bxc3 Na6
23.Qb1 Nb8 24.f5 Nd7 25.fxg6 Ne5 26.Kg2 Nxg6 27.Bf5 Kg7 28.f4 Nh8 29.Qd3 Re8
30.Kh1 Nf6 31.g4 Ng6 32.Qg3 Nh7 33.h4 Ngf8 34.g5 hxg5 35.hxg5 Ng6 36.Rh2 Rh8
37.Ree2 Nhf8 38.Rxh8 Kxh8 39.Rh2+ Kg8 40.Be4 e6 41.dxe6 fxe6 42.f5 exf5
43.Bd5+ Kg7 44.Nxd6 {#r} 1-0

[Event "Ch Norway"]
[Site "Gjovik (Norway)"]
[Round "0"]
[White "Ostenstad Berge (NOR)"]
[Black "Johannessen Svein (NOR)"]
[Result "1-0"]
[WhiteElo "2500"]
[BlackElo "2273"]

1.Nf3 Nf6 2.c4 d6 3.d4 Bg4 4.Nc3 Bxf3 5.gxf3 Nbd7 6.f4 c5 7.Bg2 Rb8 8.O-O g6
9.dxc5 Nxc5 10.Be3 a6 11.Bxc5 dxc5 12.Qa4+ Qd7 13.Qa5 Bh6 14.e3 Qc8 15.Rad1
O-O 16.Rd2 Bg7 17.Rfd1 b6 18.Qa4 Nh5 19.Rd7 Bxc3 20.bxc3 b5 21.cxb5 axb5
22.Qa7 Nf6 23.Rxe7 Qg4 24.Rf1 Rbc8 25.Qb7 Rb8 26.Qc6 Qh4 27.Qxc5 h6 28.Rc7
Rbd8 29.h3 Rd2 30.a3 Re8 31.Rc8 Rxc8 32.Qxc8+ Kg7 33.Qc5 g5 34.fxg5 hxg5
35.Qxb5 g4 36.Qf5 Ra2 37.c4 Rxa3 38.Qf4 Rc3 39.hxg4 Nxg4 40.Bd5 f5 41.Rb1 {#r}
1-0

[Event "It (open)"]
[Site "Greece"]
[Round "0"]
[White "Papaioannou Ioannis (GRE)"]
[Black "Kotronias Vasilios (GRE)"]
[Result "0-1"]
[WhiteElo "2600"]
[BlackElo "2520"]

1.d4 Nf6 2.Nf3 d6 3.c4 Bg4 4.e3 c6 5.Be2 Nbd7 6.h3 Bh5 7.Nc3 e5 8.d5 Be7 9.Nd2
Bxe2 10.Qxe2 cxd5 11.cxd5 O-O 12.O-O Rc8 13.e4 Ne8 14.Nc4 a6 15.Be3 g6 16.f3
Bg5 17.Rac1 Bxe3+ 18.Nxe3 Ng7 19.Rc2 Nh5 20.Qd2 Ng3 21.Rfc1 f5 22.Nf1 Nxf1
23.Rxf1 Qh4 24.Rfc1 Nf6 25.Qe3 Kh8 26.Rf2 Rc5 27.Rcf1 f4 28.Qd3 g5 29.Na4 Rc7
30.Rc2 Rg7 31.Qa3 Rd8 32.Rfc1 h5 33.Qb4 g4 34.Qb6 Rdg8 35.Qf2 Qg5 36.h4 Qg6
37.Kf1 gxf3 38.gxf3 Nxe4 39.fxe4 Qxe4 40.b3 Qd3+ {#R} 0-1

[Event "It (open)"]
[Site "Groningen (Netherlands)"]
[Round "2"]
[White "Kohlweyer Bernd (GER)"]
[Black "Jonker Marc (NED)"]
[Result "1/2-1/2"]
[WhiteElo "2405"]
[BlackElo "2298"]

1.d4 d6 2.Nf3 Bg4 3.c4 Nf6 4.g3 Bxf3 5.exf3 c6 6.Nc3 d5 7.Qb3 Qd7 8.c5 g6 9.h4
Bg7 10.Bh3 e6 11.O-O O-O 12.Bf4 Nh5 13.Be5 Bxe5 14.dxe5 Qc7 15.f4 b6 16.cxb6
axb6 17.Rfe1 Ng7 18.Rac1 c5 19.Nb5 Qd8 20.a4 Nc6 21.Qd1 Na7 22.Nc3 Nc6 23.Nb5
Na7 24.Nc3 Nc6 {#d} 1/2-1/2

[Event "Ch Club"]
[Site "Helsinki (Finland)"]
[Round "0"]
[White "Engqvist Thomas (SWE)"]
[Black "Valkesalmi Kimmo (FIN)"]
[Result "1/2-1/2"]
[WhiteElo "2353"]
[BlackElo "2367"]

1.d4 Nf6 2.Nf3 d6 3.c4 Bg4 4.Qb3 Qc8 5.h3 Bh5 6.g4 Bg6 7.Bg2 c6 8.Nc3 Nbd7
9.g5 Ne4 10.h4 h5 11.gxh6 gxh6 12.Bh3 Qc7 13.Rg1 Ndf6 14.Nxe4 Bxe4 15.Nd2 Bh7
16.Qc3 Rg8 17.Rxg8 Nxg8 18.Nf1 Bg7 19.Ng3 e6 20.Be3 Qe7 21.h5 Nf6 22.Qd2 Ne4
23.Nxe4 Bxe4 24.Bxh6 Qh4 25.Bf1 Bxh6 26.Qxh6 O-O-O 27.Qe3 d5 28.c5 Qxh5 29.b4
Rg8 30.O-O-O Bh7 31.Kb2 Rg1 32.Rc1 Bf5 33.a4 Qh1 34.Bh3 Rxc1 35.Bxf5 Rg1 36.f3
Kd7 37.Qe5 exf5 38.Qd6+ Ke8 39.Qb8+ Ke7 40.Qd6+ Ke8 41.Qb8+ Ke7 42.Qd6+ {#d}
1/2-1/2

[Event "It (open)"]
[Site "Katowice (Poland)"]
[Round "1"]
[White "Helis Tadeusz (POL)"]
[Black "Ionov Sergey (RUS)"]
[Result "0-1"]
[WhiteElo "2222"]
[BlackElo "2510"]

1.d4 Nf6 2.Nf3 d6 3.c4 Bg4 4.Nbd2 Nbd7 5.Qa4 c6 6.Qc2 e5 7.dxe5 dxe5 8.e3 Qe7
9.Be2 e4 10.Nd4 Bxe2 11.Nxe2 Nc5 12.O-O Qe5 13.Rb1 Nd3 14.Ng3 O-O-O 15.Rd1 Bc5
16.b4 Bxb4 17.Ndxe4 Nxe4 18.Rxd3 Rxd3 19.Qxd3 Rd8 20.Qb3 Qc3 21.Bb2 Qxb3
22.axb3 Nd2 23.Ra1 Nxb3 24.Rxa7 Rd1+ 25.Nf1 g6 26.f3 Nd2 27.Ra1 Rxa1 28.Bxa1
Nxc4 29.Kf2 Kd7 30.Ke2 b5 31.Ng3 Ke6 32.Ne4 Be7 33.Bd4 f5 34.Nf2 c5 35.Bg7 Nd6
36.Nd3 Kd5 37.g3 b4 38.h4 Ne8 39.Bh6 Bd6 40.g4 fxg4 41.fxg4 c4 42.Ne1 b3
43.Nf3 b2 44.Nd2 c3 45.Nb1 c2 {#R} 0-1

[Event "Ch Yugoslavia"]
[Site "Kladovo (Yugoslavia)"]
[Round "0"]
[White "Bogdanovski Vlatko (MKD)"]
[Black "Kocovski Ivan (MKD)"]
[Result "1-0"]
[WhiteElo "2418"]
[BlackElo "2271"]

1.d4 Nf6 2.Nf3 d6 3.c4 Bg4 4.Qb3 Qc8 5.g3 c6 6.Bg2 Nbd7 7.Nc3 e5 8.Be3 Be7
9.O-O O-O 10.Rfd1 Qc7 11.h3 Bxf3 12.Bxf3 exd4 13.Bxd4 Nc5 14.Qc2 Ne6 15.Be3
Nd7 16.Bg2 a5 17.f4 Rfe8 18.Bf2 Nec5 19.e4 Bf6 20.Ne2 Rad8 21.Nd4 g6 22.Rd2
Bg7 23.b3 Re7 24.Re1 Rde8 25.Rde2 Qb6 26.Qd1 Nb8 27.Nc2 Nba6 28.Bd4 Nb4
29.Nxb4 axb4 30.Kh2 Qc7 31.Bxg7 Kxg7 32.Qd4+ Kg8 33.e5 Qa5 34.Qxd6 Rd7 35.Qf6
Re6 36.Qg5 Nd3 37.f5 Re8 38.Qh6 gxf5 39.Qg5+ Kf8 40.Qh6+ Kg8 41.Qg5+ Kf8 42.e6
Nxe1 43.Qf6 {#r} 1-0

[Event "It (open)"]
[Site "Kuopio (Finland)"]
[Round "0"]
[White "Raisa Unto (FIN)"]
[Black "Karner Hillar (EST)"]
[Result "1-0"]
[WhiteElo "2130"]
[BlackElo "2251"]

1.d4 Nf6 2.c4 d6 3.Nf3 Bg4 4.Nc3 c6 5.h3 Bxf3 6.exf3 e6 7.Bd3 d5 8.O-O dxc4
9.Bxc4 Nbd7 10.Bb3 Be7 11.Qe2 O-O 12.Bf4 Nd5 13.Nxd5 exd5 14.Qd3 Re8 15.Rfe1
Nf8 16.Re2 Bb4 17.Rxe8 Qxe8 18.a3 Ba5 19.Bc2 Qd7 20.Qf5 Qe7 21.Be3 Re8 22.Rd1
Qd6 23.f4 Bc7 24.g3 a5 25.Qd3 Re7 26.Kg2 Bb6 27.Qf5 Qb8 28.h4 g6 29.Qd3 f5
30.h5 Rg7 31.Rh1 Ne6 32.hxg6 hxg6 33.Kf1 Re7 34.Rh6 Qe8 35.g4 Ng7 36.Qb3 Ba7
37.Qc3 Bb6 38.Bd2 Kf7 39.gxf5 gxf5 40.Qh3 Qd7 41.Rh7 Qe6 42.Bxf5 Qe2+ 43.Kg2
Bxd4 44.Be1 Re3 45.Qh4 Bf6 46.Qh6 Qxb2 47.Qg6+ Ke7 48.Bxa5 Rxa3 49.Rxg7+ Kd6
50.Bd8 {#r} 1-0

[Event "It (open)"]
[Site "Los Angeles (USA)"]
[Round "0"]
[White "Ftacnik Lubomir (SVK)"]
[Black "Balinas Rosendo C (PHI)"]
[Result "1-0"]
[WhiteElo "2575"]
[BlackElo "2370"]

1.d4 d6 2.Nf3 Nf6 3.c4 Bg4 4.Qb3 Bxf3 5.Qxf3 Nc6 6.e3 e5 7.d5 e4 8.Qd1 Ne5
9.Nc3 Qd7 10.Be2 g5 11.Qc2 Bh6 12.Nxe4 Nxe4 13.Qxe4 f5 14.Qc2 O-O 15.Bd2 f4
16.exf4 gxf4 17.O-O-O Rf6 18.Kb1 Kh8 19.Bc3 Qe7 20.Rhe1 Rg6 21.g3 Rf8 22.Bd3
Rgf6 23.Re2 Bg7 24.Rde1 Qf7 25.Bxh7 Rh6 26.Be4 f3 27.Re3 Rxh2 28.Bxe5 Bxe5
29.Rxf3 Qxf3 30.Bxf3 Rxf3 31.Rf1 Kg7 32.c5 Kf6 33.Qe2 Rf5 34.cxd6 cxd6 35.Qe3
b6 36.f4 Kg7 37.Rf2 Rh1+ 38.Kc2 Bf6 39.Qe4 Rfh5 40.g4 R5h2 41.Qe2 Rh7 42.g5
Bd4 43.Qe7+ Kg6 {#r} 1-0

[Event "It (open)"]
[Site "Los Angeles (USA)"]
[Round "0"]
[White "Torres Antonio J (CUB)"]
[Black "Feldman Alexander (USA)"]
[Result "1-0"]
[WhiteElo "2220"]
[BlackElo "2210"]

1.d4 Nf6 2.Nf3 d6 3.c4 Bg4 4.Qb3 Qc8 5.Nbd2 Nbd7 6.h3 Bxf3 7.Nxf3 g6 8.Bf4 Bg7
9.e3 O-O 10.Be2 Re8 11.O-O e5 12.dxe5 dxe5 13.Bh2 Ne4 14.Qc2 f5 15.b4 c5 16.a3
Qc6 17.Rfd1 Nb6 18.b5 Qe6 19.a4 a5 20.bxa6 Rxa6 21.a5 Nd7 22.Rd5 Qe7 23.Rb1
Nef6 24.Rdd1 e4 25.Nd2 Ne5 26.Rb5 Rd8 27.Nb3 Nc6 28.Rxd8+ Qxd8 29.Rxb7 Bf8
30.Qc3 Ne8 31.Rb5 Bg7 32.Qe1 Nb4 33.Nxc5 Rxa5 34.Nb7 Ra1 35.Qxa1 Qd2 36.Qd1
{#r} 1-0

[Event "Ch France (accession)"]
[Site "Montpellier (France)"]
[Round "1"]
[White "Hartereau Philippe (FRA)"]
[Black "Romantchouk Jacques (FRA)"]
[Result "1-0"]
[WhiteElo "2161"]
[BlackElo "2109"]

1.Nf3 d6 2.d4 Bg4 3.c4 Nf6 4.Qb3 Qc8 5.h3 Bxf3 6.Qxf3 Nc6 7.e3 e5 8.d5 Nb4
9.Na3 Be7 10.e4 O-O 11.g4 c6 12.Bd2 a5 13.g5 Nd7 14.h4 Nc5 15.Bh3 Ncd3+ 16.Kf1
Qe8 17.Bxb4 Nxb4 18.Kg2 Bd8 19.c5 cxd5 20.cxd6 Qc6 21.exd5 Nxd5 22.Bf5 Nf4+
23.Kg3 Qxd6 24.Nc4 Qb8 25.Rad1 Bc7 26.Qe4 g6 27.Bg4 b5 28.Ne3 Bb6 29.Bf3 Qa7
30.Ng4 Nh5+ 31.Kg2 Nf4+ 32.Kh2 Bd4 33.Qc6 Rac8 34.Nh6+ {#r} 1-0

[Event "It (cat.7)"]
[Site "Montpellier (France)"]
[Round "0"]
[White "Miralles Gilles (FRA)"]
[Black "Letreguilly Olivier (FRA)"]
[Result "1-0"]
[WhiteElo "2470"]
[BlackElo "2342"]

1.d4 Nf6 2.c4 d6 3.Nf3 Bg4 4.Nc3 c6 5.e4 Nbd7 6.Be2 e5 7.O-O Be7 8.Be3 O-O
9.Nd2 Bxe2 10.Qxe2 Re8 11.d5 a5 12.b3 g6 13.g3 h5 14.f3 Kg7 15.Kg2 h4 16.f4
Nh5 17.Rac1 Rh8 18.Qf3 Bf6 19.f5 Qe7 20.Ne2 Rae8 21.fxg6 fxg6 22.Qg4 Nc5
23.Nf3 hxg3 24.hxg3 Qd7 25.Qxd7+ Nxd7 26.Rfd1 Be7 27.Nc3 c5 28.Nb5 Rc8 29.Ng5
Nf8 30.Rh1 Rd8 31.Rcf1 Bxg5 32.Bxg5 Rd7 33.g4 Nh7 34.Bd2 N5f6 35.Bh6+ Kg8
36.Kf3 Rd8 37.Bd2 b6 38.g5 Nh5 39.Kg4 Kg7 40.Bc3 Rhe8 41.Nc7 {#r} 1-0

[Event "Ch Russia"]
[Site "Smolensk (Russia)"]
[Round "0"]
[White "Kandyba L (RUS)"]
[Black "Varavin Viktor (RUS)"]
[Result "1-0"]
[WhiteElo "2367"]
[BlackElo "2454"]

1.d4 Nf6 2.c4 d6 3.Nf3 Bg4 4.Nc3 e6 5.e4 Nc6 6.d5 Ne5 7.Qa4+ Ned7 8.Be2 e5
9.Be3 Be7 10.Qd1 O-O 11.Nd2 Bxe2 12.Qxe2 a5 13.O-O Nc5 14.b3 g6 15.a3 Nh5
16.b4 axb4 17.axb4 Rxa1 18.Rxa1 Na6 19.b5 Nc5 20.Bxc5 Nf4 21.Qf1 dxc5 22.g3
Nh5 23.b6 cxb6 24.Ra7 Qd7 25.Qb1 Bd8 26.Nf3 f6 27.Qd1 Ng7 28.Nd2 Ne8 29.Nb5
Rf7 30.Qe2 h5 31.h4 Be7 32.Nb1 Rg7 33.Ra8 Kh7 34.N1c3 Rf7 35.Kg2 Ng7 36.Qd1 f5
37.d6 Bd8 38.Qd5 Bf6 39.Rc8 Ne6 40.Rc7 Qe8 41.d7 Qe7 42.d8=Q Nxc7 43.Qxf7+
Qxf7 44.Qxc7 Be7 45.Nd5 {#r} 1-0

[Event "It"]
[Site "Vanlose (Denmark)"]
[Round "0"]
[White "Petersen Soren Boeck (DEN)"]
[Black "Pedersen Thomas Schou (DEN)"]
[Result "1-0"]
[WhiteElo "2275"]
[BlackElo "2248"]

1.d4 Nf6 2.c4 d6 3.Nf3 Bg4 4.Nc3 c6 5.e4 Nbd7 6.Be2 e5 7.O-O Bxf3 8.Bxf3 a6
9.Rb1 Rc8 10.b4 b5 11.cxb5 cxb5 12.Nd5 Rc4 13.Be3 exd4 14.Bxd4 Ne5 15.Bb6 Qb8
16.Nxf6+ gxf6 17.Be3 h5 18.Be2 d5 19.Qxd5 Rc2 20.Qd1 Rxa2 21.f4 Bh6 22.Bxh5
Nc4 23.Qd5 Rxg2+ 24.Kh1 Rg7 25.Bc5 Qc8 26.e5 Bxf4 27.exf6 Rxh5 28.Qxh5 Qc6+
29.Qf3 Qxf3+ 30.Rxf3 Rg4 31.Re1+ Kd7 32.Re4 a5 33.Rfxf4 Rg5 34.Rxc4 bxc4
35.Rxc4 a4 36.b5 a3 37.Bxa3 Rxb5 38.Re4 Rb3 39.Bf8 Rb8 40.Re7+ {#r} 1-0

[Event "It"]
[Site "Kecskemet (Hungary)"]
[Round "14"]
[White "Petronic Jovan (SRB)"]
[Black "Brandics Jozsef (HUN)"]
[Result "1-0"]
[WhiteElo "2397"]
[BlackElo "2215"]

1.d4 Nf6 2.Nf3 d6 3.c4 Bg4 4.Qb3 b6 5.h3 Bd7 6.Nc3 c5 7.d5 g6 8.e4 Bg7 9.Be2
O-O 10.O-O Na6 11.Bf4 Nh5 12.Bg5 Bf6 13.Be3 Nc7 14.Ne1 Ng7 15.f4 e5 16.dxe6
fxe6 17.Rd1 Qe7 18.g4 g5 19.e5 dxe5 20.fxg5 Bxg5 21.Bxg5 Qxg5 22.Rxd7 Qe3+
23.Kg2 Rxf1 24.Kxf1 Qxh3+ 25.Ng2 Qh1+ 26.Kf2 Rf8+ 27.Kg3 h5 28.Qd1 h4+ 29.Nxh4
Qc6 30.Bf3 Nd5 31.Rxd5 {#r} 1-0